000 00543npc a2200205Ia 4500
001 ist296-51938
003 IT-MiCISF
008 161014s9999||||xx | und||
040 _aIT-MiCISF
_cIT-MiCISF
041 _ait
100 _aAA.VV.
245 0 _aIl matrimonio in Italia
_bAnno 2012
250 _a1a ed.
260 _a Roma
_bIstat
_c2013
300 _app. 12
500 _aIstituto Nazionale di Statistica / nuzialità, matrimonio-misto, statistica /
650 _amatrimonio
942 _cDD
957 _71
999 _a51938
_bsi
_g1
_c206176
_d206176